00553nam a22001697a 4500003000800000008004100008037002000049040003500069041000800104080001200112100002600124245007800150260008200228300002300310650002800333655002200361BI-BuBU260623b2026 bd fr|||| 000 0 fre d bDon de l'auteur aBI-BuBUbfrecBI-BuBUdBI-BuBU0 afre a578.0871 4aut.aNiyukuri, David10aBiostatique(études des cas)bvolume horaire : 30 heurescDavid Niyukuri aBujumburabUniversité du Burundi, Institut de Statistique Appliquéec2026 aIII-103 f.c30 cm. 72BI-BuBUaBiostatistique 72BI-BuBUaSyllabus